• 首页
  • 本馆介绍
  • 公告通知
  • 最新文献
  • 馆藏检索
  • 电子资源
  • 读者荐购
  • 参考咨询
  • CALIS
  • 我的图书馆
  • 登录
  • 详细信息显示
  • 放入我的书架
  • 预约/预借图书
  • 作者相关作品
  • 分类相关作品
  • 丛书相关作品
  • 出版社相关作品

书目信息

  • 表格格式
  • 工作单格式
  • 卡片格式
题名:
一级注册结构工程师基础考试应试指南
    
 
作者: 兰定筠 , 杨利容 主编
分册:  
出版信息: 北京   中国建筑工业出版社  2011.02
页数: 1212页
开本: 26cm
丛书名: 执业资格考试丛书
单 册:
中图分类: TU3
科图分类:
主题词: 建筑结构--考核--自学参考资料 , 建筑结构
电子资源:
ISBN: 978-7-112-12880-8
 
 
 
 
 
000 01036oam2 2200301 450
001 296281
005 20110723141845.98
010    @a978-7-112-12880-8@dCNY160.00
100    @a20110319d2011 em y0chiy50 ea
101 0  @achi
102    @aCN@b110000
105    @aak z 000yy
106    @ar
200 1  @a一级注册结构工程师基础考试应试指南@Ayi ji zhu ce jie gou gong cheng shi ji chu kao shi ying shi zhi nan@e2011@f兰定筠,杨利容主编
205    @a第3版
210    @a北京@c中国建筑工业出版社@d2011.02
215    @a1212页@c图@d26cm
225 2  @a执业资格考试丛书
330    @a本书是依据2009年新《考试大纲》的规定和新规范编写而成的,本书全面系统、简明扼要地复习了基础考试大纲要求的考试科目的重点内容,讲述了如何复习、理解各考试科目的基础理论、新规范。
410  0 @12001 @a执业资格考试丛书
586    @a
606 0  @a建筑结构@x考核@j自学参考资料
606 0  @a建筑结构
690    @aTU3@v5
701  0 @a兰定筠@Alan ding jun@4主编
701  0 @a杨利容@Ayang li rong@4主编
801  0 @aCN@c20110610
905    @dTU3@eL0362
    
    一级注册结构工程师基础考试应试指南:2011/兰定筠,杨利容主编.-第3版.-北京:中国建筑工业出版社,2011.02
    1212页:图;26cm.-(执业资格考试丛书)
    
    
    ISBN 978-7-112-12880-8:CNY160.00
    本书是依据2009年新《考试大纲》的规定和新规范编写而成的,本书全面系统、简明扼要地复习了基础考试大纲要求的考试科目的重点内容,讲述了如何复习、理解各考试科目的基础理论、新规范。
●
相关链接 在E读中查询图书 在当当中查询图书 在豆瓣中查询图书


正题名:一级注册结构工程师基础考试应试指南     索取号:TU3/L0362         预约/预借

序号 登录号 条形码 馆藏地/架位号 状态 备注
1 887950   208879506   自科二线404/404自科库 3排5列1层/ [索取号:TU3/L0362] 在馆    
2 887951   208879515   自科二线404/404自科库 3排1列5层/ [索取号:TU3/L0362] 在馆    
3 887952   208879524   土木与交通工程学院资料室/101建筑库 39排5列2层/ [索取号:TU3/L0362] 在馆    
河南城建学院图书馆 欢迎您!
大连网信软件有限公司© 版权所有